Szczegóły MARC21

Leben und Werk in Erzählungen und Selbstzeugnissen /

003 -Nazwa inst., której nr kontr. jest w polu 001 [,]
    • @
    • Nazwa instytucji, której n kontrolny jest w polu 001
    • NUKAT
005 -DATA I CZAS OSTATNIEJ MODYFIKACJI [,]
    • @
    • pole kontrolne
    • 20241231111959.0
020 -Międzynarod. znormalizowany nr książki - ISBN [ , ]
    • a
    • Numer ISBN
    • 9783538070011 Find
020 -Międzynarod. znormalizowany nr książki - ISBN [ , ]
    • a
    • Numer ISBN
    • 3538070016 Find
040 -Instytucja sporządzająca opis [ , ]
    • a
    • Instytucja, która sporządziła opis (NP)
    • SZCZ U/AB
    • b
    • Język katalogowania
    • pol
    • e
    • Zasady katalogowania
    • rda
    • c
    • Instytucja, która sporządziła rekord (NP)
    • SZCZ U/ABs
942 -Rodzaj dokumentu [ , ]
    • c
    • Rodzaj dokumentu
    • Książka
100 -Hasło główne - nazwa osobowa [1, ]
    • a
    • Nazwa osobowa (NP)
    • Döblin, Alfred
    • d
    • Daty biograficzne (NP)
    • (1878-1957).
    • e
    • Rodzaj współpracy
    • Autor
    • 9
    • KHW
    • 508159
245 -Strefa tytułu i oznaczenia odpowiedzialności [1,0]
    • a
    • Tytuł
    • Leben und Werk in Erzählungen und Selbstzeugnissen / Find
    • c
    • Pozostałe elementy strefy tytułu i oznaczenia odpowiedzialności (NP)
    • Alfred Döblin ; mit einem Essay von Günter Grass ; herausgegeben von Christina Althen.
260 -Strefa adresu wydawniczego [ , ]
    • a
    • Miejsce wydania (P)
    • Düsseldorf :
    • b
    • Nazwa wydawcy (P)
    • Artemis & Winkler,
    • c
    • Data wydania (P)
    • © 2006.
300 -Strefa opisu fizycznego [ , ]
    • a
    • Określenie formy książki i/lub objętość (NP)
    • 219 stron :
    • b
    • Oznaczenie ilustracji (NP)
    • ilustracje ;
    • c
    • Format (NP)
    • 21 cm.
336 -Typ zawartości [ , ]
    • a
    • Termin opisujący typ zawartości
    • Tekst
    • b
    • Kod określający zawartość
    • txt
    • 2
    • Źródło (terminu i kodu)
    • rdacontent
337 -Typ mediów [ , ]
    • a
    • Tryb odtwarzania
    • Bez urządzenia pośredniczącego
    • b
    • Kod typu mediów
    • n
    • 2
    • Źródło (terminu i kodu)
    • rdamedia
338 -Typ/rodzaj nośnika [ , ]
    • a
    • Hasło opisujące typ nośnika
    • Wolumin
    • b
    • Kod typu nośnika
    • nc
    • 2
    • Źródło (terminu i kodu)
    • rdacarrier
500 -Uwaga ogólna [ , ]
    • a
    • Uwaga ogólna (NP)
    • ISBN-13 tylko na obwolucie.
600 -Hasło przedmiotowe w formie nazwy osobowej [1,7]
    • a
    • Nazwa osobowa
    • Döblin, Alfred
    • d
    • Daty związane z nazwą
    • (1878-1957)
    • v
    • Określnik formalny
    • biografie.
    • 2
    • Źródło terminu
    • kaba
    • 9
    • KHW
    • 401782
655 -Hasło w funkcji tematu formalnego [ ,7]
    • a
    • Hasło
    • Nowele niemieckie
    • y
    • Określnik chronologiczny
    • 20 w.
    • 2
    • Źródło terminu
    • kaba
    • 9
    • KHW
    • 428456
700 -Hasło dodatkowe - nazwa osobowa [1, ]
    • a
    • Nazwa osobowa (NP)
    • Grass, Günter Find
    • d
    • Daty biograficzne (NP)
    • (1927-2015).
    • e
    • Określenie rodzaju współpracy
    • Wstęp
    • 9
    • KHW
    • 236475
700 -Hasło dodatkowe - nazwa osobowa [1, ]
    • a
    • Nazwa osobowa (NP)
    • Althen, Christina. Find
    • e
    • Określenie rodzaju współpracy
    • Redakcja
    • 9
    • KHW
    • 484077
710 -Hasło dodatkowe - nazwa ciała zbiorowego [2, ]
    • a
    • Nazwa ciała zbiorowego lub nazwa geograficzna jako pierwszy element (NP)
    • Artemis & Winkler Verlag (1971-1995).
    • e
    • Rodzaj współpracy
    • Wydawca
    • 4
    • Kod relacji
    • pbl
    • 9
    • KHW
    • 99726
920 -ISBN [ , ]
    • a
    • ISBN
    • 978-3-538-07001-1 Find
920 -ISBN [ , ]
    • a
    • ISBN
    • 3-538-07001-6 Find
Numer inwentarzowy Data inwentaryzacji Lokalizacja Obwoluta Status udost. Sygnatura
BC.123672019-03-13BM1-3Germ. Opowiadania niemieckie
BC.123682019-03-13BM1-3Germ. Opowiadania niemieckie
BC.123692019-03-13BM1-3Germ. Opowiadania niemieckie